Encuentro regional: educación para el trabajo, informe final

Gespeichert in:
Bibliographische Detailangaben
Körperschaften: CIDE (VerfasserIn), Centro de Investigación y Desarrollo de la Educación (VerfasserIn), Consejo Regional de Educación para el Trabajo (VerfasserIn)
Format: Buch
Sprache:Spanisch
Veröffentlicht: Valparaíso CIDE 1993
Schlagworte:
Tags: Tag hinzufügen
Keine Tags, Fügen Sie den ersten Tag hinzu!

MARC

LEADER 00000nam a2200000 a 4500
001 UCY6323
003 CL-VaPUC
005 20230119074134.0
008 950526e19930000cl 1 spa d
082 0 4 |a 306.36  |b CID  |2 21 
110 2 |a CIDE  |e author  |9 617204 
710 2 |a Centro de Investigación y Desarrollo de la Educación  |e author  |9 617205 
710 2 |a Consejo Regional de Educación para el Trabajo  |e author  |9 617206 
245 1 0 |a Encuentro regional: educación para el trabajo, informe final 
260 |a Valparaíso  |b CIDE  |c 1993 
300 |a 58 p 
583 |a last modification  |c 20190821 09:53:29  |k Rodrigo Vera 
650 0 0 |a Trabajo  |9 313876 
650 0 0 |a Educación  |9 258661 
650 0 0 |a Congresos  |9 257560 
650 0 0 |a Educación de adultos  |9 307580 
651 7 |a CHILE  |2 CL-VaPUC  |9 617207 
942 |c BK 
945 |a mfernand  |d 19950526 00:00:00 
546 |a En Español 
536 |a CIDE 
518 |p Encuentro Regional Educación para el Trabajo, 1, Valparaíso, 1-2 octubre 1993 
999 |c 382373  |d 382371 
952 |0 0  |1 0  |4 0  |6 306_360000000000000_CID_1993  |7 0  |8 A  |9 504033  |a BIBEDU  |b BIBEDU  |d 2020-01-23  |i 150861K  |o 306.36 CID 1993  |p 150861K  |r 2020-01-23  |w 2020-01-23  |y BK  |k EDU